00598 2200217 4500001002100000005001500021035002000036007000300056008004100059020002200100082001000122084001600132100001900148245005400167260003600221300005700257650001400314520003000328990001100358990001100369INLIS00000000000313720190207091607 a0010-0219000079ta190207 g 0 ind  a978-602-51927-2-2 a658.8 a658.8 IMR s0 aIMRON, Rosyadi1 aStrategi & Taktik Promosi Produk /cImron Rosyadi aMalang :bEmpatdua Media,c2018 ax, 140 hlm ;c23 cm.-- Seri Ketiga Wirausaha Kreatif aMANAJEMEN aBibliografi: hlm. 138-140 a6494 a a6494 b